2021 Rugby League World Cup Teams - Statistics

General Stats
  • This quiz has been taken 39 times
  • The average score is 17 of 20
Answer Stats
Tournaments Answer % Correct
Men's, Women's, Wheelchair Australia
100%
Men's, Women's, Wheelchair England
100%
Men's, Women's New Zealand
100%
Men's, Wheelchair Ireland
97%
Men's Samoa
97%
Men's, Women's, Wheelchair France
93%
Men's Tonga
93%
Men's Italy
90%
Men's, Wheelchair Scotland
90%
Men's, Wheelchair Wales
90%
Men's Fiji
87%
Men's, Women's Papua New Guinea
87%
Wheelchair United States
87%
Women's Canada
77%
Men's Lebanon
77%
Men's Greece
73%
Men's, Women's Cook Islands
67%
Wheelchair Spain
67%
Men's Jamaica
57%
Women's Brazil
53%
No matching quizzes found
Score Distribution
Percent of People with Each Score
Percentile by Number Answered
Your Score History
You have not taken this quiz